000 01534nam a2200361 i 4500
001 000027440
003 DO-SdBNP
005 20251021141250.0
007 ta
008 110331s1977 dr ac 000 0 spa d
040 _aDO-SdBNP
_bspa
_cBNPHU
_erda
041 _aspa
082 4 _a972.9385
_bA68c
_222
245 0 0 _aArqueología de Cueva de Berna /
_cMarcio Veloz Maggiolo, Elpidio Ortega, Joaquín Nadal, Fernando Luna Calderón y Renato O. Rímoli
264 1 _aSan Pedro de Macorís, República Dominicana :
_bUniversidad Central del Este,
_c1977.
300 _a99 páginas :
_bilustraciones, retratos;
_c23 cm.
336 _atexto
_btxt
_2rdacontent
337 _asin mediación
_bn
_2rdamedia
338 _avolumen
_bnc
_2rdacarrier
490 1 _aColección Universidad Central del Este
_aSerie Científica
_v5
590 _aInventariado, 2025/BT
650 4 _aArqueología
_93985
_z(República Dominicana : provincia La Altagracia) Antigüedades
651 0 _aLa Altagracia (República Dominicana : Provincia )
_xHistoria
_988720
700 1 _aVeloz Maggiolo, Marcio,
_d1936-2021
_eautor
_4aut.
_91104
700 1 _aOrtega, Elpidio,
_eautor
_4aut.
_916002
700 1 _aNadal, Joaquín,
_eautor
_4aut.
_988519
700 1 _aLuna Calderón, Fernando,
_eautor
_4aut.
_920023
700 1 _aRímoli, Renato O.,
_eautor
_4aut.
_936749
710 1 _aUniversidad Central del Este
_937229
830 _aColección Universidad Central del Este
_pSerie Científica
_v5
_988721
910 _aValidad. Control de calidad MAA
942 _2ddc
_cLBS1
999 _c26932
_d26932